Follow That Line: I Love Lucy Quiz Stats

 Plays Quiz Updated May 25, 2018

Also try: I Love Lucy (A-Z)
Challenge
Share
Tweet
Embed
Score 0/22 Timer 06:00
2 Plays Today
% Correct
You're scared? Think of the Queen.
96%
A divorce?
94.2%
They're saying 'cheep, cheep, cheep'...
94.1%
What's your excuse at sea level?
93.8%
That won't be a novel - that will be a short story.
93.7%
I'll never get used to your crazy Cuban dishes.
92.1%
Fred wouldn't smolder if he banged into a blowtorch.
91.3%
I hope one of you knows how to lead.
91.2%
Yeah, 'Happy Days Are Here Again'.
90.3%
Are you unpopular?
90.1%
No, but I know that there's a red-headed cuckoo in the living room.
88.6%
% Correct
I'm sorry your mother looks like a weasel.
88.5%
Well, I get awfully mad.
86.5%
I said let's hope for the BEST.
85.7%
'I do.'
85.1%
Thank you, but I wasn't sneezing.
84.1%
You should have thought about that before you married her.
84%
That's alright for Lucy, but it's a little longer trip around Ethel.
83.7%
Those must have been the first English words you learned.
83.4%
Well, I had it thrown at me on one of the darkest days in my life.
83.1%
Don't drag your boyhood friends into this, Fred.
79.2%
And I'm sorry you're so fat you sat on my glasses and broke them.
70.8%

You're not logged in!

Compare scores with friends on all Sporcle quizzes.
Join for Free
OR
Log In

You Might Also Like...

Show Comments

Extras

Top Quizzes Today


Score Distribution

Your Account Isn't Verified!

In order to create a playlist on Sporcle, you need to verify the email address you used during registration. Go to your Sporcle Settings to finish the process.

Report this User

Report this user for behavior that violates our Community Guidelines.

Details: